[Event "Mechanics' Peter Grey TNM; G/2 d5"]
[Site "San Francisco"]
[Date "2017.08.29"]
[Round "4.48"]
[White "Otterbach, Renate"]
[Black "Badgett Jr, James"]
[Result "1-0"]
[WhiteElo "1264"]
[BlackElo "918"]
[PlyCount "33"]
[EventDate "2017.??.??"]

1. d4 Nf6 2. Bf4 d5 3. e3 e6 4. Nf3 Nbd7 5. Bd3 Ne4 6. Nbd2 Nxf2 7. Kxf2 Bd6 8.
Re1 b6 9. Kg1 O-O 10. c4 Bb7 11. Qc2 f5 12. Ng5 Nf6 13. Nxe6 Qe7 14. Nxf8 dxc4
15. Bxc4+ Kxf8 16. Qxf5 Bb4 17. Rad1 1-0

[Event "Mechanics' Spring TNM; G/2"]
[Site "San Francisco"]
[Date "2017.04.11"]
[Round "5.45"]
[White "Otterbach, Renate"]
[Black "Bayaraa, Bilguun"]
[Result "0-1"]
[WhiteElo "1034"]
[BlackElo "1180"]
[Annotator "Donaldson"]
[PlyCount "80"]
[EventDate "2017.??.??"]

1. d4 d5 2. Nf3 Nc6 3. Bf4 e6 4. e3 Bd6 5. Bxd6 (5. Bg3 Bxg3 6. hxg3) 5... Qxd6
6. Nbd2 Nf6 7. Bd3 Bd7 8. c3 O-O 9. O-O e5 10. dxe5 Nxe5 11. Nxe5 Qxe5 12. Nf3
Qd6 13. Qc2 g6 (13... Rfe8) 14. Rac1 Bg4 15. Nd2 c5 16. b3 (16. c4 $11) 16...
Rad8 17. e4 $2 {Diagram [#]} (17. Rfe1) 17... c4 $3 (17... dxe4 18. Nxe4 Qxd3
$4 19. Nxf6+) 18. bxc4 dxc4 19. Nxc4 Qf4 $2 (19... Qxd3 20. Qxd3 Rxd3 21. Ne5
Rd2 $19) 20. e5 Nd7 21. Rfe1 Rfe8 22. Be2 Bxe2 23. Qxe2 b6 24. Qe4 Qg5 25. Qe3
Qxe3 26. Rxe3 b5 27. Nd6 Rxe5 {Diagram [#]} 28. Nxb5 $2 (28. Rxe5 Nxe5 29. Nxb5
$11) 28... Rxb5 29. c4 Re5 30. Ra3 Rde8 31. Kf1 Nc5 32. g3 (32. Rxa7 Nd3 33.
Rd1 Re1+) 32... R8e7 33. Kg2 f5 34. f4 Re2+ 35. Kh3 h5 36. Rh1 Ne4 37. Kh4 Rg7
38. h3 Nf6 39. Rf1 Re4 40. c5 g5# 0-1

[Event "Mechanics' Peter Grey TNM; G/2 d5"]
[Site "San Francisco"]
[Date "2017.09.19"]
[Round "7.35"]
[White "Otterbach, Renate"]
[Black "Casares Jr, Nick"]
[Result "0-1"]
[WhiteElo "1264"]
[BlackElo "1600"]
[PlyCount "70"]
[EventDate "2017.??.??"]

1. d4 d5 2. Bf4 Nf6 3. e3 Bf5 4. c3 c6 5. Qb3 Qb6 6. Nd2 e6 7. h3 Nbd7 8. Ngf3
Be7 9. Nh4 O-O 10. Nxf5 exf5 11. Qc2 Ne4 12. Bd3 c5 13. f3 Bh4+ 14. g3 Nxg3 15.
Bxg3 Bxg3+ 16. Ke2 Rfe8 17. Nf1 Bf4 18. Bxf5 Nf6 19. Re1 g6 20. Rg1 Kh8 21. Kd1
gxf5 22. exf4 Rxe1+ 23. Kxe1 Re8+ 24. Kd1 Qe6 25. Ng3 Qe3 26. Rf1 Qxf4 27. Nxf5
Ne4 28. Nh6 Ng3 29. Nxf7+ Qxf7 30. Rf2 Qf4 31. dxc5 Nf5 32. Qd2 Ne3+ 33. Kc1
Qg5 34. b4 Qg1+ 35. Kb2 Nc4+ 0-1

[Event "Mechanics' Fall TNM; G/2 d5"]
[Site "San Francisco"]
[Date "2017.11.21"]
[Round "5.13"]
[White "Otterbach, Renate"]
[Black "Donaldson, William John"]
[Result "0-1"]
[WhiteElo "1159"]
[BlackElo "2417"]
[Annotator "Donaldson"]
[PlyCount "46"]
[EventDate "2017.??.??"]

1. d4 Nf6 2. Bf4 g6 3. e3 Bg7 4. Nf3 d6 5. Bc4 O-O 6. h3 Nbd7 7. Nc3 e6 8. Qd2
Qe7 9. O-O-O c6 10. Ng5 d5 11. Bd3 e5 12. dxe5 Nxe5 13. Qe2 Re8 14. Rhe1 b5 15.
Nf3 Nc4 16. Bxc4 bxc4 17. Nd4 Bd7 18. g4 Rab8 19. Bxb8 Rxb8 20. e4 (20. a3 c5
21. Nf3 Ne4) 20... Qb4 21. g5 Qxb2+ 22. Kd2 Nxe4+ 23. Ke3 (23. Nxe4 Qxd4+ 24.
Kc1 Rb1+) 23... Qxc3+ 0-1

[Event "Mechanics' Winter TNM; G/2"]
[Site "San Francisco"]
[Date "2017.01.31"]
[Round "5.36"]
[White "Otterbach, Renate"]
[Black "Eastham, Asher Dan"]
[Result "0-1"]
[WhiteElo "1149"]
[BlackElo "1566"]
[Annotator "Donaldson"]
[PlyCount "48"]
[EventDate "2017.??.??"]

1. d4 d5 2. Nf3 Nf6 3. e3 Bf5 4. Nbd2 e6 5. c3 Be7 6. Be2 h6 7. Ne5 O-O 8. Nf1
c5 9. Ng3 Bh7 10. O-O Nc6 11. f4 Ne4 12. Qe1 Rc8 13. f5 Nxg3 14. Qxg3 Bxf5 15.
e4 Bh4 16. Nxc6 Rxc6 17. exf5 $2 (17. Qe3) 17... Bxg3 18. hxg3 exf5 19. Rxf5
cxd4 20. cxd4 Qc8 21. Rf4 Rxc1+ 22. Rxc1 Qxc1+ 23. Kf2 Qxb2 24. g4 Re8 0-1

[Event "Mechanics' Peter Grey TNM; G/2 d5"]
[Site "San Francisco"]
[Date "2017.10.03"]
[Round "9.43"]
[White "Otterbach, Renate"]
[Black "Harris, Clarence"]
[Result "1-0"]
[WhiteElo "1264"]
[BlackElo "1422"]
[Annotator "Donaldson"]
[PlyCount "47"]
[EventDate "2017.??.??"]

1. d4 Nf6 2. Bf4 d6 3. e3 Nbd7 4. Bd3 (4. Nf3) 4... c5 (4... e5) 5. c3 e5 6.
dxe5 dxe5 7. Bg3 e4 8. Bc2 Be7 9. Nd2 Qb6 10. Nc4 Qa6 11. Bb3 (11. Nd6+ $1 Bxd6
12. Bxd6) 11... b5 (11... O-O) 12. Ne5 (12. Nd6+ Bxd6 13. Qxd6 Qxd6 14. Bxd6)
12... Nxe5 13. Bxe5 c4 14. Bc2 Bb7 15. Ne2 O-O 16. O-O Rac8 17. Nd4 {
Diagram [#]} Nd7 $2 (17... Rfd8 $11) 18. Qg4 $2 (18. Nf5 $1 Nxe5 19. Nxe7+ Kh8
20. Nxc8) (18. Bxg7 $1) 18... Nxe5 19. Qf4 Nd3 20. Bxd3 Bd6 21. Qg4 exd3 22.
Nf5 Be5 23. f4 Qg6 $4 (23... Bf6 $19) 24. Ne7+ 1-0

[Event "Mechanics' Spring TNM; G/2"]
[Site "San Francisco"]
[Date "2017.05.02"]
[Round "8.39"]
[White "Otterbach, Renate"]
[Black "Harris, Clarence"]
[Result "0-1"]
[WhiteElo "1034"]
[BlackElo "1400"]
[PlyCount "54"]
[EventDate "2017.??.??"]

1. d4 Nf6 2. Bf4 d6 3. h3 Nc6 4. e3 g6 5. Nf3 Bg7 6. c3 O-O 7. Bd3 Be6 (7...
Nd7) 8. Nbd2 Qd7 9. Qc2 Nh5 10. Bg5 f5 11. O-O-O Nf6 12. Bf4 Rac8 13. Ng5 Bd5
14. Ngf3 Na5 15. e4 fxe4 16. Nxe4 Nxe4 17. Bxe4 Bxa2 18. Nd2 Rxf4 19. b4 Qe6
20. bxa5 Rxf2 21. Rhe1 Bh6 22. Kb2 Rxd2 23. Rxd2 Bxd2 24. Qxd2 Qb3+ 25. Kc1
Qa3+ 26. Qb2 Qxa5 27. Bb1 Bxb1 0-1

[Event "Mechanics' Summer TNM; G/2 d5"]
[Site "San Francisco"]
[Date "2017.05.23"]
[Round "1.33"]
[White "Otterbach, Renate"]
[Black "Kuczek, Kevin W"]
[Result "0-1"]
[WhiteElo "1142"]
[BlackElo "1789"]
[Annotator "Donaldson"]
[PlyCount "40"]
[EventDate "2017.??.??"]

1. d4 Nf6 2. Bf4 e6 3. Nf3 d5 4. e3 c5 5. c3 Nc6 6. Nbd2 Be7 7. Bd3 Bd7 8. O-O
O-O 9. Ne5 cxd4 10. exd4 Rc8 11. Re1 a6 12. a4 Qb6 13. b4 Rfd8 14. a5 Qa7 15.
Nb3 Nxe5 16. dxe5 Ne4 17. Be3 (17. Bxe4 dxe4 18. Rxe4 Bc6 19. Rd4 $14) 17...
Qb8 18. Bd4 $2 (18. Bxe4) 18... Nxc3 19. Bxc3 (19. Qf3) 19... Rxc3 20. Ra4 Bxa4
0-1

[Event "Mechanics' Winter TNM; G/2"]
[Site "San Francisco"]
[Date "2017.01.24"]
[Round "4.26"]
[White "Otterbach, Renate"]
[Black "Lesquillier, Walter"]
[Result "0-1"]
[WhiteElo "1149"]
[BlackElo "1693"]
[PlyCount "32"]
[EventDate "2017.??.??"]

1. d4 Nf6 2. Nf3 b5 3. e3 a6 4. Nbd2 Bb7 5. b4 d6 6. a3 e6 7. Be2 Nbd7 8. c4
bxc4 9. Nxc4 Be7 10. Bb2 O-O 11. Rc1 Bd5 12. O-O Qb8 13. Na5 c5 14. Bc3 Rc8 15.
bxc5 dxc5 16. Rb1 Qc7 {Black later won. Remaining moves unavailable.} 0-1

[Event "Mechanics' Spring TNM; G/2"]
[Site "San Francisco"]
[Date "2017.03.28"]
[Round "3.43"]
[White "Otterbach, Renate"]
[Black "Morgan, Jerry D"]
[Result "0-1"]
[WhiteElo "1034"]
[BlackElo "1561"]
[PlyCount "38"]
[EventDate "2017.??.??"]

1. d4 d5 2. Nf3 Nf6 3. e3 Bf5 4. c3 e6 5. Nbd2 Nbd7 6. b3 c5 7. Bb5 a6 8. Bxd7+
Qxd7 9. Ne5 Qc7 10. Bb2 cxd4 11. cxd4 Bb4 12. Rc1 Qa5 13. O-O Bxd2 14. Rc5 Qxa2
15. Qxd2 Qxb3 16. f4 O-O 17. Rc3 Qb6 18. Ba3 Rfc8 19. Bc5 Qc7 {Someone needs
to learn how to keep score. Well, two people. There was one scoresheet, and
it's unreadable. 0-1, 55.} 0-1

[Event "Mechanics' Peter Grey TNM; G/2 d5"]
[Site "San Francisco"]
[Date "2017.09.12"]
[Round "6.47"]
[White "Otterbach, Renate"]
[Black "Scalise, Nicole"]
[Result "1-0"]
[WhiteElo "1264"]
[BlackElo "1126"]
[Annotator "Donaldson"]
[PlyCount "58"]
[EventDate "2017.??.??"]

1. d4 c6 2. e4 d5 3. e5 Bf5 4. Nf3 e6 5. c3 Nd7 6. Bf4 Ne7 7. Be3 f6 8. exf6
Nxf6 9. Nbd2 Ng6 10. Ne5 Qb6 11. Qc1 Bd6 12. Ndf3 O-O 13. Bg5 (13. Be2) 13...
Ne4 (13... Nxe5 14. Nxe5 (14. dxe5 Ne4 15. Be3 Bc5) 14... Bxe5 15. dxe5 Ng4)
14. Nd7 Qc7 15. Nxf8 Rxf8 (15... Nxg5 16. Nxg5 Rxf8 17. Nf3 e5 18. dxe5 Nxe5
19. Be2 Be4 20. Nxe5 Bxe5) 16. Be3 c5 17. Be2 e5 (17... Nf4 18. Bxf4 Bxf4 19.
Qd1) 18. dxe5 Be7 (18... Nxe5) 19. O-O Nxe5 20. Bf4 d4 (20... Bd6) 21. Bxe5 Qa5
22. Bc4+ Kh8 23. Qh6 Nf6 24. Bxf6 Bxf6 25. Qf4 Qa4 26. Bb3 Qe8 27. Qxf5 d3 28.
Qxd3 Qd8 29. Qxd8 Rxd8 1-0

[Event "Mechanics' Winter TNM; G/2"]
[Site "San Francisco"]
[Date "2017.02.14"]
[Round "7.43"]
[White "Otterbach, Renate"]
[Black "Valente, Marty"]
[Result "1-0"]
[WhiteElo "1149"]
[BlackElo "1291"]
[Annotator "Donaldson"]
[PlyCount "53"]
[EventDate "2017.??.??"]

1. d4 d5 2. c4 e6 3. Nc3 Nf6 4. Bg5 Nbd7 5. Nf3 c6 6. e3 Qa5 7. Qc2 (7. Nd2) (
7. Bxf6) (7. cxd5) 7... Ne4 8. Bf4 Bb4 9. Rc1 O-O (9... Qxa2) 10. Bd3 f5 11.
O-O Bxc3 12. bxc3 h6 13. cxd5 cxd5 14. c4 Ndf6 15. c5 Bd7 16. Rb1 Bc6 17. Ne5 (
17. h3) (17. Rb2) 17... Nd2 18. Nxc6 bxc6 19. Rb7 (19. Bc7 Nf3+ 20. gxf3 Qxc7)
19... Nxf1 20. Kxf1 Qd8 $2 {Diagram [#]} (20... Rf7) 21. Qa4 $1 Rf7 22. Qxc6
Rxb7 23. Qxb7 Qc8 24. c6 g5 25. Be5 Qxb7 26. cxb7 Rf8 27. Bxf6 1-0

[Event "Mechanics' Fall TNM; G/2 d5"]
[Site "San Francisco"]
[Date "2017.12.05"]
[Round "7.19"]
[White "Pane, Gianluca"]
[Black "Brown, Nicholas M"]
[Result "1-0"]
[WhiteElo "1791"]
[BlackElo "1496"]
[PlyCount "51"]
[EventDate "2017.??.??"]

1. d4 Nf6 2. c4 g6 3. Nc3 d5 4. cxd5 Nxd5 5. e4 Nxc3 6. bxc3 Bg7 7. Nf3 O-O 8.
Be2 c5 9. Rb1 cxd4 10. cxd4 Qa5+ 11. Qd2 Qxd2+ 12. Bxd2 Rd8 13. d5 b6 14. O-O
Bb7 15. Bc4 Ba6 16. Rfc1 Bxc4 17. Rxc4 Nd7 18. Bb4 Bf6 19. Rbc1 Kf8 20. Rc7 a5
21. Ba3 b5 {Diagram [#]} 22. e5 $1 Bg7 23. e6 b4 24. exd7 bxa3 25. Rc8 e6 26.
Rxa8 1-0

[Event "Mechanics' Fall TNM; G/2 d5"]
[Site "San Francisco"]
[Date "2017.12.19"]
[Round "9.15"]
[White "Pane, Gianluca"]
[Black "MacIntyre, Brendan"]
[Result "1-0"]
[WhiteElo "1791"]
[BlackElo "1560"]
[Annotator "Donaldson"]
[PlyCount "33"]
[EventDate "2017.??.??"]

1. d4 d5 2. c4 c6 3. Nf3 Bf5 4. Nc3 (4. cxd5 cxd5 5. Qb3 {
might be a more accurate way to counter Black's third move.} Qb6 6. Qxd5) 4...
Nf6 $6 (4... e6 {transposes into a respectable line. the point is that with d5
supported Black cam meet Qb3 with ...Qb6.}) 5. cxd5 Nxd5 (5... cxd5 6. Qb3 $1)
6. Qb3 b6 $6 (6... Qb6) 7. Ne5 (7. e4 $1 Nxc3 8. exf5 Nd5 9. Bd3) 7... Be6 $6 (
7... f6 $1 8. Nxc6 $2 Nxc6 9. Qxd5 Nxd4 $17) 8. Qa4 $6 (8. e4 $1 Nxc3 9. Qxc3
Qd6 10. Be3 f6 11. Nd3 g6 12. Nf4 Bg7 13. Nxe6 Qxe6 14. Bc4 Qxe4 15. O-O {
and Black will not last much longer.}) 8... Nxc3 9. bxc3 g6 10. e4 Qc7 $2 (
10... Bg7 11. Nxc6 Nxc6 12. Qxc6+ Bd7 13. Qc4 O-O {offers Black good
counterplay for the pawn. The text exposes Black's queen to threats.}) 11. Bf4
Qb7 12. d5 $1 b5 13. dxc6 a6 14. cxb7 Ra7 15. Bxb5+ Bd7 16. Bxd7+ Kd8 17. Nxf7#
1-0

[Event "Mechanics' Fall TNM; G/2 d5"]
[Site "San Francisco"]
[Date "2017.11.28"]
[Round "6.22"]
[White "Pane, Gianluca"]
[Black "Regzedmaa, Ganhuya"]
[Result "1-0"]
[WhiteElo "1791"]
[BlackElo "1536"]
[PlyCount "83"]
[EventDate "2017.??.??"]

1. d4 c6 2. c4 e6 3. e4 d6 4. Nf3 Nf6 5. Nc3 Nbd7 6. Bd3 e5 7. O-O Be7 8. b3 a6
9. Bb2 Qc7 10. Rc1 O-O 11. Ne2 exd4 12. Nexd4 Nc5 13. Re1 Nxd3 14. Qxd3 Ng4 15.
Nd2 Bf6 16. h3 Ne5 17. Qg3 Qd8 18. Rcd1 Ng6 19. Ba1 Be5 20. Qf3 Nf4 21. Ne2
Nxe2+ 22. Qxe2 Bxa1 23. Rxa1 Qg5 24. Nf3 Qg6 25. Kh1 Be6 26. Red1 Rfd8 27. Rd3
Rd7 28. Rad1 Rad8 29. Nd4 h6 30. Rg3 Qf6 31. Rdd3 c5 32. Nxe6 fxe6 33. Qd2 Kh8
34. f4 Qf7 35. Qf2 b5 36. cxb5 axb5 37. f5 c4 38. Rdf3 e5 39. f6 g6 40. Qe3 Qh7
41. Qb6 Rb7 42. Qxd8+ 1-0

[Event "Mechanics' Fall TNM; G/2 d5"]
[Site "San Francisco"]
[Date "2017.10.31"]
[Round "2.9"]
[White "Pane, Gianluca"]
[Black "Walder, Michael S"]
[Result "0-1"]
[WhiteElo "1791"]
[BlackElo "2156"]
[PlyCount "88"]
[EventDate "2017.??.??"]

1. d4 Nf6 2. c4 e6 3. Nc3 c5 4. d5 exd5 5. cxd5 d6 6. Nf3 g6 7. g3 Bg7 8. Bg2
O-O 9. O-O Re8 10. Nd2 a6 11. a4 Nbd7 12. Nc4 Ne5 13. Nxe5 Rxe5 14. e4 Rb8 15.
Qd3 Qc7 16. Bf4 Re8 17. Rfe1 Bd7 18. e5 Nh5 19. e6 Nxf4 20. exf7+ Kxf7 21. Qf3
Bh6 22. gxf4 Bf5 23. Ne4 Bxe4 24. Rxe4 Rxe4 25. Qxe4 Qe7 26. f5 Qxe4 27. Bxe4
g5 28. Re1 Re8 29. f3 Bg7 30. b3 Be5 31. Kf2 h5 32. h3 Kf6 33. Ke2 b5 34. Rb1
Bd4 35. Kd3 Ke5 36. Rh1 bxa4 37. bxa4 Rb8 38. h4 g4 39. f6 g3 40. f4+ Kxf6 41.
Re1 Rb4 42. a5 Bf2 43. Re2 Rd4+ 44. Kc3 Rxe4 0-1

[Event "Mechanics' Fall TNM; G/2 d5"]
[Site "San Francisco"]
[Date "2017.11.14"]
[Round "4.11"]
[White "Pane, Gianluca"]
[Black "Wong, Russell"]
[Result "1/2-1/2"]
[WhiteElo "1791"]
[BlackElo "2200"]
[PlyCount "98"]
[EventDate "2017.??.??"]

1. d4 Nf6 2. c4 e6 3. Nc3 Bb4 4. Qc2 c5 5. dxc5 Nc6 6. Nf3 a5 7. Bf4 Bxc5 8. e3
d6 9. Rd1 Qe7 10. a3 O-O 11. Na4 e5 12. Bg5 Bg4 13. Be2 h6 14. Bxf6 Qxf6 15.
O-O Rfd8 16. Rd5 Qe7 17. Rfd1 Be6 18. Nxc5 dxc5 19. Rxd8+ Rxd8 20. Nd2 f5 21.
Nb1 e4 22. Nc3 Rxd1+ 23. Qxd1 Ne5 24. Nd5 Qd7 25. h3 a4 26. Nb6 Qxd1+ 27. Bxd1
Nxc4 28. Nxa4 Bf7 29. Nxc5 Nxb2 30. Bb3 Bxb3 31. Nxb3 Nc4 32. a4 Kf7 33. Kf1
Ke6 34. Nc5+ Kd6 35. Nxb7+ Kc7 36. Nc5 Kb6 37. Nb3 g6 38. Ke2 Nb2 39. a5+ Kb5
40. Nd4+ Kxa5 41. Nc6+ Kb6 42. Ne7 Kc5 43. Nxg6 Kd6 44. f3 Nc4 45. g4 fxg4 46.
hxg4 exf3+ 47. Kxf3 Ke6 48. Kf4 Kf6 49. Nh4 Nxe3 1/2-1/2

[Event "Mechanics' Spring TNM; G/2"]
[Site "San Francisco"]
[Date "2017.04.04"]
[Round "4.39"]
[White "Pepperill, Brian"]
[Black "Cowgill, Jackie"]
[Result "1-0"]
[WhiteElo "1270"]
[BlackElo "937"]
[PlyCount "33"]
[EventDate "2017.??.??"]

1. c4 e5 2. Nc3 Nf6 3. g3 Be7 4. Bg2 c6 5. Nf3 d6 6. O-O O-O 7. d3 Bg4 8. Qb3
Bxf3 9. Bxf3 Qc7 10. Qc2 Nbd7 11. b4 Rab8 12. Bb2 Rfe8 13. Rad1 Nf8 14. e3 Ng6
15. Ne2 d5 16. cxd5 Nxd5 17. Bxd5 {and White went on to win.} 1-0

[Event "Mechanics' Fall TNM; G/2 d5"]
[Site "San Francisco"]
[Date "2017.11.21"]
[Round "5.6"]
[White "Perepelitsky, Phil"]
[Black "Cheng, Alfonso"]
[Result "1-0"]
[WhiteElo "2147"]
[BlackElo "1952"]
[PlyCount "55"]
[EventDate "2017.??.??"]

1. d4 Nf6 2. c4 e6 3. Nc3 Bb4 4. e3 c5 5. a3 Bxc3+ 6. bxc3 d5 7. Nf3 Nc6 8. Bd3
O-O 9. O-O a6 10. a4 Re8 11. Ba3 dxc4 12. Bxc4 Na5 13. Bd3 c4 14. Bc2 Bd7 15.
e4 b5 16. Ne5 Qc7 17. f4 Nb3 18. Rb1 bxa4 19. Qe2 Rec8 20. Rf3 Ne8 21. Rh3 f6
22. Qh5 fxe5 23. Qxh7+ Kf7 24. fxe5 Nd2 {Diagram [#]} 25. Rf1+ $1 Nxf1 26. Rf3+
Nf6 27. Rxf6+ Ke8 28. Rf8# 1-0

[Event "Mechanics' Fall TNM; G/2 d5"]
[Site "San Francisco"]
[Date "2017.11.14"]
[Round "4.13"]
[White "Perepelitsky, Phil"]
[Black "Poling, Scott E"]
[Result "1-0"]
[WhiteElo "2147"]
[BlackElo "1864"]
[PlyCount "61"]
[EventDate "2017.??.??"]

1. d4 Nf6 2. c4 e6 3. Nc3 Bb4 4. e3 c5 5. Bd3 O-O 6. Nge2 cxd4 7. exd4 d5 8.
O-O dxc4 9. Bxc4 Nbd7 10. Bf4 Nb6 11. Bd3 Nbd5 12. Be5 Bd7 13. Rc1 Ng4 14. Nxd5
exd5 15. Bg3 h5 16. Qb3 h4 17. Bc7 Qe7 18. Qxd5 Bc6 19. Qf5 Nf6 20. Be5 Bd7 21.
Qg5 Ne8 22. Qh5 f5 23. Bc4+ Be6 24. d5 Qf7 25. Qf3 Bd7 26. Nf4 Nd6 27. Bb3 Rfe8
28. Ne6 Rxe6 29. dxe6 Bxe6 30. Bxe6 Qxe6 31. Bxd6 1-0

[Event "Mechanics' Fall TNM; G/2 d5"]
[Site "San Francisco"]
[Date "2017.12.12"]
[Round "8.2"]
[White "Perepelitsky, Phil"]
[Black "Stearman, Josiah P"]
[Result "0-1"]
[WhiteElo "2147"]
[BlackElo "2320"]
[Annotator "Donaldson"]
[PlyCount "112"]
[EventDate "2017.??.??"]

1. d4 d5 2. c4 c6 3. Nf3 Nf6 4. Nc3 dxc4 5. a4 Bf5 6. e3 e6 7. Bxc4 Bb4 8. O-O
O-O 9. Qe2 Bg6 10. Ne5 Nbd7 11. Nxg6 hxg6 12. Rd1 Qa5 13. Qc2 Rac8 14. Ne4 Nxe4
15. Qxe4 Nf6 16. Qf3 Qf5 17. Qe2 Rfd8 18. f3 c5 19. e4 Qh5 20. Be3 cxd4 21.
Rxd4 Rxd4 22. Bxd4 Bc5 23. Qf2 $2 {Diagram [#]} (23. Qe3 Bd6 24. e5 Bxe5 25.
Bxe5 Rxc4 $15) 23... Bd6 $1 24. e5 Bxe5 25. Bxe5 Qxe5 26. Bf1 Nd5 27. Re1 Qf6
28. a5 b6 29. a6 Rc5 30. Qd2 Kh7 31. Re4 Ra5 32. Qc2 Qe7 33. b4 Nxb4 34. Qc4
Qc5+ 35. Qxc5 bxc5 36. Re5 Nxa6 37. Bxa6 Rxa6 38. Rxc5 Ra2 39. Rc7 f6 40. h3 g5
41. Kh2 Kg6 42. Kg3 f5 43. Re7 Kf6 44. Rb7 f4+ 45. Kh2 Ra1 46. Rc7 a5 47. Ra7
g6 48. Ra6 Ke5 49. Ra7 Kd4 50. Ra6 Kd5 51. h4 gxh4 52. Kh3 Ke5 53. Kxh4 Kf5 54.
g4+ Kf6 55. Kh3 Ra2 56. Ra7 Rf2 0-1

[Event "Mechanics' Fall TNM; G/2 d5"]
[Site "San Francisco"]
[Date "2017.12.12"]
[Round "8.34"]
[White "Perlov, Alexander"]
[Black "Babayan, Gagik"]
[Result "0-1"]
[WhiteElo "1427"]
[BlackElo "1769"]
[Annotator "Donaldson"]
[PlyCount "84"]
[EventDate "2017.??.??"]

1. d4 Nf6 2. c4 e6 3. g3 Bb4+ 4. Bd2 c5 5. Nf3 O-O 6. Bg2 Nc6 7. a3 Bxd2+ 8.
Qxd2 cxd4 9. Nxd4 Nxd4 10. Qxd4 d5 11. O-O dxc4 12. Qxc4 Re8 13. Nc3 a6 14.
Rfd1 Qe7 15. Rac1 b5 16. Qh4 Bb7 17. Bxb7 Qxb7 18. e4 Red8 $2 {Diagram [#]} 19.
e5 $2 (19. Rxd8+ Rxd8 20. e5) 19... Rxd1+ 20. Rxd1 Nd5 21. Ne4 Qe7 22. Qxe7
Nxe7 23. Rd7 Nc6 24. f4 Na5 25. Nd6 f6 (25... Rf8 26. Rc7 $16 (26. Ra7 Nc4))
26. exf6 (26. f5 $1 exf5 (26... Nc4 27. fxe6 Nxe5 28. Rc7 $18) 27. e6 $18)
26... gxf6 27. Ne4 Rf8 28. Nc5 (28. Rd6 $1) 28... Rc8 (28... e5) 29. Nxe6 Rc1+
30. Kf2 Rc2+ 31. Kf3 Rxh2 32. Kg4 Nc4 33. Rg7+ Kh8 34. Rf7 $2 (34. Ra7) 34...
h5+ 35. Kf5 $4 (35. Kf3 $11) 35... Nd6+ 36. Kxf6 Nxf7 37. Kxf7 Rg2 38. Kg6 h4
39. Ng5 Rxg3 40. f5 Kg8 41. f6 Rxg5+ 42. Kxg5 h3 0-1

[Event "Mechanics' Fall TNM; G/2 d5"]
[Site "San Francisco"]
[Date "2017.10.31"]
[Round "2.32"]
[White "Perlov, Alexander"]
[Black "Cohee, James"]
[Result "1-0"]
[WhiteElo "1427"]
[BlackElo "1640"]
[PlyCount "61"]
[EventDate "2017.??.??"]

1. d4 d5 2. c4 e6 3. g3 Nf6 4. Bg2 c6 5. Nf3 Be7 6. O-O O-O 7. Qc2 Nbd7 8. Nbd2
Re8 9. e4 dxe4 10. Nxe4 Nxe4 11. Qxe4 Nf6 12. Qc2 Qa5 13. Bd2 Qb6 14. Bc3 Bd7
15. Rad1 Rad8 16. Rfe1 Bc8 17. b4 h6 18. Ne5 Bd7 19. a3 Qc7 20. Bb2 a5 21. Bc3
axb4 22. axb4 b5 23. Qe2 bxc4 24. Qxc4 Nd5 25. Bd2 Ra8 26. Ra1 Rec8 27. Rec1
Be8 28. Nd3 Qd8 29. Re1 Bd6 30. Ne5 Qe7 31. Nd3 {
The position is equal. Remaining moves unavailable.} 1-0

[Event "Mechanics' Fall TNM; G/2 d5"]
[Site "San Francisco"]
[Date "2017.11.14"]
[Round "4.40"]
[White "Perlov, Alexander"]
[Black "Donnelly, Patrick"]
[Result "0-1"]
[WhiteElo "1427"]
[BlackElo "1624"]
[Annotator "Donaldson"]
[PlyCount "120"]
[EventDate "2017.??.??"]

1. d4 Nf6 2. c4 g6 3. Nf3 Bg7 4. g3 O-O 5. Bg2 c6 6. O-O d5 7. Nbd2 Nbd7 8. Qc2
Re8 9. Nh4 $2 (9. e4) 9... e5 10. cxd5 cxd5 11. dxe5 Nxe5 12. e3 Be6 13. Nb3
Rc8 14. Qe2 Bg4 15. f3 Bd7 16. Nd4 a6 17. b3 Nc6 18. Nxc6 Bxc6 19. Rd1 Bb5 20.
Qe1 Qb6 21. Rb1 d4 22. e4 Rc2 23. a4 Bxa4 24. Bb2 d3+ 25. Kh1 Re2 26. Qg1 Qxg1+
27. Kxg1 Bxb3 28. Bf1 Bxd1 29. Bxf6 Bxf6 30. Rxd1 Bd4+ 31. Kh1 Ra2 32. Bxd3 Ra1
33. Rxa1 Bxa1 34. Ng2 Rd8 35. Nf4 b5 36. Nd5 Kf8 37. Kg2 Rb8 38. Nc7 Rb6 39.
Nd5 Rd6 40. Kf1 Bd4 41. Ke2 Ke8 42. Kd2 Kd7 43. Kc2 Kc6 44. Nb4+ Kb6 45. Kb3
Kc5 46. Nd5 a5 47. Nc7 a4+ 48. Kc2 Rb6 49. f4 Bg1 50. h3 Bh2 51. Nd5 Rc6 52. g4
Kd4+ 53. Kd2 Rc5 54. f5 a3 55. Bb1 Rc8 56. Nf6 Bf4+ 57. Ke2 a2 58. Bxa2 Rc2+
59. Kf3 Be5 60. Bxf7 Bxf6 0-1

[Event "Mechanics' Fall TNM; G/2 d5"]
[Site "San Francisco"]
[Date "2017.11.28"]
[Round "6.38"]
[White "Perlov, Alexander"]
[Black "Rakonitz, David"]
[Result "0-1"]
[WhiteElo "1427"]
[BlackElo "1583"]
[Annotator "Donaldson"]
[PlyCount "56"]
[EventDate "2017.??.??"]

1. d4 Nf6 2. c4 e6 3. g3 d5 4. Nf3 dxc4 5. Bg2 a6 6. a4 Bb4+ 7. Bd2 Bxd2+ 8.
Nbxd2 Nc6 9. Nxc4 O-O 10. O-O Rb8 11. e3 Nb4 12. Qb3 Qe7 13. Nfe5 Bd7 14. Nxd7
Nxd7 15. e4 c5 16. d5 exd5 17. exd5 b5 18. axb5 axb5 19. Rfe1 (19. Na5 $1)
19... Qf6 (19... bxc4 20. Qxb4 $11) 20. Nd2 Qb6 21. Re7 Nf6 22. Raa7 Qd6 23.
Ne4 Nxe4 24. Bxe4 Qf6 25. d6 Rbd8 $11 26. Rxf7 $4 Rxf7 27. Rxf7 Qxf7 28. Bd5
Qxd5 0-1